MDQL
is popping MORE tags! Check the
thread
!
Quizzes
Events
Quiz Creation
Community
Videos
Private Events
Remove Ads
Sign In
Join for FREE
Feedback
Dark Mode
Quiz Categories
Sports
Geography
Music
Movies
Television
Just For Fun
Miscellaneous
History
Literature
Language
Science
Gaming
Entertainment
Religion
Holiday
For Kids
Quiz Lab
Recent
Popular Today
Quiz Kudos Today
Editor Picks
Curator Picks
Quizzes by...
Day
Popularity
Type
Ratings
Length
Year
Community
Subscriptions
Recent Discussions
Orange Saloon
Badges
Playlists
Quests
Create
Leaderboards
Showdown
Live 5
Trivia Bingo
Activity
Puzzle Library
Sporcle Events
Private Events
Virtual Trivia
Globe League
Become a Host
Pub Owners
SporcleCon
Opinionation
Our Games
Videos
Blog
Mobile Apps
Partnerships
Remove Ads and Go Orange
Feedback
Literature
Harry Potter
A Song of Ice and Fire
The Hunger Games
Literary Character
Shakespeare
Book
Author
Novel
Poem
Young Adult
Children's Books
Play
Lord of the Rings
Literature
Harry Potter
A Song of Ice and Fire
The Hunger Games
Literary Character
Shakespeare
Book
Author
Novel
Poem
Young Adult
Children's Books
Play
Lord of the Rings
Random Quiz
Search Sporcle
×
Quiz Lab
Quiz Lab
Literature
Shakespeare
Type in answers that appear in a list
Type in answers that appear in a list
Classic
Best Score? Go Orange.
Shakespeare's Sonnet 53 Stats
Can you recite Shakespeare's 53rd sonnet?
By
Tenkmoves
10m
107 Questions
6 Plays
6 Plays
6 Plays
Comments
Comments
Give Quiz Kudos
Give Quiz Kudos
-
- Ratings
hide this ad
Replay
Link that replays current quiz
Next Quiz
Link to next quiz in quiz playlist
You Got
0%
They Got
Avg Score
41%
Avg Friend Score
Upgrade to see
Score Distribution
Jump to the score distribution portion of the page
Score
0/107
Timer
10:00
0
Plays Today
% Correct
And
100%
and
100%
And
100%
and
100%
And
100%
the
83.3%
the
83.3%
the
83.3%
The
83.3%
The
83.3%
for
83.3%
is
66.7%
are
66.7%
That
66.7%
Is
66.7%
are
66.7%
What
50%
your
50%
you
50%
on
50%
you
50%
every
50%
one
50%
every
50%
one,
50%
one
50%
you,
50%
one,
50%
every
50%
you;
50%
On
50%
all
50%
you
50%
in
50%
one
50%
your
50%
% Correct
as
50%
your
50%
you
50%
in
50%
every
50%
In
50%
all
50%
you
50%
you
50%
like
50%
none,
50%
you,
50%
none
50%
substance,
33.3%
millions
33.3%
of
33.3%
shadows
33.3%
Since
33.3%
hath,
33.3%
but
33.3%
can
33.3%
shadow
33.3%
after
33.3%
art
33.3%
of
33.3%
beauty
33.3%
set,
33.3%
painted
33.3%
new:
33.3%
of
33.3%
of
33.3%
shadow
33.3%
of
33.3%
beauty
33.3%
know.
33.3%
have
33.3%
% Correct
some
33.3%
part,
33.3%
But
33.3%
heart.
33.3%
whereof
16.7%
made,
16.7%
strange
16.7%
tend?
16.7%
shade,
16.7%
lend.
16.7%
Describe
16.7%
Adonis,
16.7%
counterfeit
16.7%
poorly
16.7%
imitated
16.7%
Helen's
16.7%
cheek
16.7%
Grecian
16.7%
tires
16.7%
Speak
16.7%
spring
16.7%
foison
16.7%
year,
16.7%
doth
16.7%
show,
16.7%
other
16.7%
bounty
16.7%
doth
16.7%
appear;
16.7%
blessed
16.7%
shape
16.7%
we
16.7%
external
16.7%
grace
16.7%
constant
16.7%
Quiz Playlist
Details
Report
Send in Message
Add To Playlist
Classic:
Type in answers that appear in a list
Last Updated: Nov 1, 2017
Quiz Scoreboard
CHALLENGE
Sign Up to Join the Scoreboard
Show All
Scores
Hide
Comments
May contain spoilers
Recently Published
Colored Red Africa Blitz
by spor1
Geography
30s
Find the 'City' Movie
by crazypaving
Movies
60s
5x2 Blitz: Bands
by SL_Kpop136
Music
30s
More to Explore
Quiz From the Vault
Featured Blog Post
14 Easter Pick-up Lines to Find Eggs With
hide this ad
You Might Also Like...
Tags
Shakespeare Quiz
Today's Top Quizzes in Literature
Browse Literature
hide this ad
Today's Top Quizzes in Shakespeare
Browse Shakespeare
Top Contributed Quizzes in Literature
1
Sneaky Slytherin Logic Puzzle
2
Get The Picture: Black or White Literature
3
5-to-1: Plays
4
One Thing in Common: Literature
5
A Court of Thorns and Roses (ACoTaR) Logic Puzzle
6
One Thing in Common: Literature II
7
One Thing in Common: Books
8
One Thing in Common: Literature 3
9
'Middle' Earth
10
One Thing in Common: Books II
Explore More
Trending Topics
Anime
Crossword
NBA
Harry Potter
Marvel
Disney
Kpop
The Office
Puzzle
Country
Soccer
WWE
Song
Pokémon
NFL
hide this ad
More By:
Tenkmoves
Quiz
Plays
Rating
Category
Featured
Created
Billboard #1 Singles (2016)
21,950
4.24
Music
Dec 28, 2016
3rd on IMDB: Best Picture
7,451
4.57
Movies
Oct 22, 2019
Ohio counties
1,369
5.00
Geography
Mar 13, 2021
3rd on IMDB: 2002 Movies
1,213
4.29
Movies
Nov 2, 2019
3rd on IMDB: 2019 movies
1,029
5.00
Movies
Jan 20, 2020
Go to Creator's Profile
Score Distribution
Quiz Creator Spotlight
Tenkmoves
Follow
Send a Message
Quizzes Created
-
Created Quiz Play Count
-
More By This Creator
Popular Quizzes Today
1
5x2 Blitz: Bands
2
Find the 'City' Movie
3
Find the US States - No Outlines Minefield
4
Colored Red Africa Blitz
5
The Countries of the World
6
Find the US States
7
9x9 Crossword: Cartoon Network
8
Risky Map Clicking: Biggest States A-Z
More Literature Quizzes
Young Adult Novels by Protagonist
Editor's Pick
Trending Quizzes
Colored Red Africa Blitz II
Colored Red Europe Blitz I
Find the 'Dark' Movie
Find the 'Day' Movie
Find the 'Good' Movie
Recently Updated
Champions League XIs: Real Madrid
pecheneg
Largest US Cities 1790-2010
pecheneg
Rides in Walt Disney World
pecheneg
Most Oscar Losses (Acting)
pecheneg
Beyoncé Albums
pecheneg
Leaping Animals
pecheneg
Reality TV Shows (A-Z)
bhenderson79
Rickey Henderson's Hall of Fame Teammates
pecheneg
Champions League XIs: Arsenal
pecheneg
Quick Pick: Celebrities in WWE's Hall of Fame
aduchscher
Trending Topics
Crossword
NBA
Anime
Marvel
Harry Potter
Kpop
Disney
The Office
Soccer
WWE
Country
Puzzle
Song
Pokémon
NFL
Your Account Isn't Verified!
In order to create a playlist on Sporcle, you need to verify the email address you used during registration. Go to your
Sporcle Settings
to finish the process.
Report this User
Report this user for behavior that violates our
Community Guidelines
.
Details:
Send Report
Go to the Sporcle.com Mobile Site →
Comments